Countries at 50°N Latitude - Statistics

General Stats
  • This quiz has been taken 349 times
    337 since last reset
  • The average score is 13 of 14
Answer Stats
Country % Correct
Germany
99%
Russia
99%
United Kingdom
99%
Canada
98%
Poland
97%
Mongolia
94%
France
93%
Kazakhstan
92%
Belgium
91%
China
91%
Ukraine
91%
Netherlands
88%
Czech Republic
85%
Luxembourg
80%
No matching quizzes found
Score Distribution
Percent of People with Each Score
Percentile by Number Answered
Your Score History
You have not taken this quiz since the last reset